G1 Transformers From 1985 - Statistics

General Stats
  • This quiz has been taken 83 times
  • The average score is 35 of 48
Answer Stats
Hint Answer % Correct
Dinobot Grimlock
95%
Microscope Perceptor
95%
Cassette Deck Blaster
92%
Dinobot Swoop
92%
Crane Grapple
89%
Jet Jetfire
89%
Dinobot Sludge
89%
Dinobot Snarl
89%
Tow Truck Hoist
86%
Rocket Base Omega Supreme
86%
Dinobot Slag
86%
Car Red Alert
84%
Space Gun Shockwave
84%
Triple Changer Astrotrain
81%
Insecticon Bombshell
81%
Fire Truck Inferno
81%
Seeker Thrust
81%
Minibot Beachcomber
78%
Minibot Cosmos
78%
Constructicon Devastator
78%
Seeker Dirge
78%
Insecticon Kickback
78%
Constructicon Long Haul
78%
Constructicon Mixmaster
78%
Constructicon Scrapper
78%
Insecticon Shrapnel
78%
Triple Changer Blitzwing
76%
Constructicon Bonecrusher
76%
Constructicon Hook
76%
Seeker Ramjet
76%
Minibot Seaspray
76%
SUV Skids
76%
Car Smokescreen
76%
Minibot Powerglide
73%
Jumpstarter Twin Twist
73%
Minibot Warpath
73%
Constructicon Scavenger
70%
Car Tracks
70%
Jumpstarter Topspin
62%
Omnibot Camshaft
57%
Omnibot Overdrive
51%
Deluxe Insecticon Venom
49%
Omnibot Downshift
46%
Deluxe Insecticon Chop Shop
43%
Deluxe Insecticon Ransack
43%
Deluxe Insecticon Barrage
41%
Deluxe Vehicle Roadbuster
38%
Deluxe Vehicle Whirl
38%
No matching quizzes found
Score Distribution
Percent of People with Each Score
Percentile by Number Answered
Your Score History
You have not taken this quiz